书目信息 |
| 题名: |
中国环境资源法学的基本理论
|
|
| 作者: | 蔡守秋 著 | |
| 分册: | ||
| 出版信息: | 北京 中国人民大学出版社 2019.04 |
|
| 页数: | 416页 | |
| 开本: | 20cm | |
| 丛书名: | ||
| 单 册: | ||
| 中图分类: | D922.604 | |
| 科图分类: | ||
| 主题词: | 法律--中国 | |
| 电子资源: | ||
| ISBN: | 978-7-300-26677-0 | |
| 000 | 00619nam0 2200193 450 | |
| 001 | 2153388263 | |
| 005 | 20211230145111.48 | |
| 010 | @a978-7-300-26677-0@dCNY96.00 | |
| 100 | @a20211230d2019 km y0chiy0120 ea | |
| 101 | 0 | @achi |
| 102 | @aCN@b110000 | |
| 200 | 1 | @a中国环境资源法学的基本理论@AZhong Guo Huan Jing Zi Yuan Fa Xue De Ji Ben Li Lun@f蔡守秋著@FCai Shou Qiu Zhu |
| 210 | @a北京@c中国人民大学出版社@d2019.04 | |
| 215 | @a416页@d20cm | |
| 606 | 0 | @a法律@x中国 |
| 690 | @aD922.604@v4 | |
| 701 | 0 | @a蔡守秋@ACai Shou Qiu@4著 |
| 801 | 0 | @aCN@b大连网信软件有限公司图书馆·11@c20211230 |
| 905 | @aZUCC@dD922.604@eC055 | |
| 中国环境资源法学的基本理论/蔡守秋著.-北京:中国人民大学出版社,2019.04 |
| 416页;20cm |
| ISBN 978-7-300-26677-0:CNY96.00 |
| ● |
| 相关链接 |
|
|
|
正题名:中国环境资源法学的基本理论
索取号:D922.604/C055
 
预约/预借
| 序号 | 登录号 | 条形码 | 馆藏地/架位号 | 状态 | 备注 |
| 1 | 1507373 | 215073738 | 法学院资料室/ [索取号:D922.604/C055] | 在馆 |